Detalles MARC
| 000 -CABECERA |
| Longitud fija campo de control |
01584nam a22003497a 4500 |
| 005 - • FECHA Y HORA DE LA ÚLTIMA TRANSACCIÓN |
| Fecha y hora de la última transacción |
20220316235156.0 |
| 008 - • CÓDIGOS DE INFORMACIÓN DE LONGITUD FIJA |
| Códigos de información de longitud fija |
140611b2013 ck a|| g||| 00| 0 1pspa |
| 020 ## - • NÚMERO INTERNACIONAL NORMALIZADO PARA LIBROS |
| Número Internacional Normalizado para Libros (ISBN) |
9789588787190 |
| 040 ## - FUENTE DE LA CATALOGACIÓN |
| Centro catalogador de origen |
CO-BoRNBP |
| Lengua de catalogación |
spa |
| Normas de descripción |
rda |
| Centro transcriptor |
CO-BoRNBP |
| 084 ## - • Clasificación Local Alfanúmerica PNLB |
| Número de clasificación |
C BLA15 |
| 100 1# - • PUNTO DE ACCESO PRINCIPAL-NOMBRE DE PERSONA |
| Nombre de persona |
Blake, Stephanie |
| Fechas asociadas al nombre |
1968- |
| 245 12 - • TITULO PROPIAMENTE DICHO |
| Título |
¡No quiero ir a la escuela! |
| Mención de responsabilidad, etc. |
Stephanie Blake ; traducción Anna Coll Vinent |
| 250 ## - • MENCIÓN DE EDICIÓN |
| Mención de edición |
Edición especial para el Ministerio de Cultura |
| 264 ## - PRODUCCIÓN, PUBLICACIÓN , DISTRIBUCIÓN, FABRICACIÓN Y COPYRIGHT |
| Lugar de producción, publicación, distribución, fabricación |
Bogotá |
| Nombre del productor, editor, distribuidor, fabricante |
Corimbo |
| -- |
Ediciones Monserrate |
| Fecha de de producción, publicación, distribución, fabricación o copyright |
2013 |
| 300 ## - • DESCRIPCIÓN FÍSICA |
| Extensión |
[26] páginas sin enumerar |
| Otras características físicas |
ilustraciones a color |
| Dimensiones |
15 cm |
| 336 ## - TIPO DE CONTENIDO |
| Término de tipo de contenido |
texto |
| Código de tipo de contenido |
txt |
| Fuente |
rdacontent |
| 337 ## - TIPO DE MEDIO |
| Nombre del tipo de medio |
sin mediación |
| Código del tipo de medio |
n |
| Fuente |
rdamedia |
| 338 ## - TIPO DE SOPORTE |
| Nombre del tipo de soporte |
volumen |
| Código del tipo de soporte |
nc |
| Fuente |
rdacarrier |
| 490 ## - • MENCIÓN DE SERIE |
| Mención de serie |
Leer es mi cuento |
| 520 ## - • NOTA DE RESUMEN |
| Resumen, etc, |
Había una bez un conejito muy pillo al que ya conoceís. Cuando su mama le dijo : "¡ Mañana es tu primer día en la escuela, cariño ! " , él respondió: "¡Ni hablar!" |
| 521 ## - • NOTA DE PÚBLICO DESTINATARIO |
| Nota público destinatario (R ) |
Recomendado para niños a partir de 0 a 2 años |
| 534 ## - • Nota De Versión Original |
| Título |
Je veux pas aller á l´école |
| 650 14 - • PUNTO DE ACCESO ADICIONAL DE MATERIA - TÉRMINO DE MATERIA |
| Fuente del encabezamiento o término |
LEMB |
| Término de materia o nombre geográfico como elemento inicial |
Cuentos infantiles estadounidenses |
| Subdivisión cronológica |
Siglo XX |
| 650 14 - • PUNTO DE ACCESO ADICIONAL DE MATERIA - TÉRMINO DE MATERIA |
| Fuente del encabezamiento o término |
LEMB |
| Término de materia o nombre geográfico como elemento inicial |
Literatura infantil estadounidense |
| Subdivisión cronológica |
Siglo XX |
| 650 14 - • PUNTO DE ACCESO ADICIONAL DE MATERIA - TÉRMINO DE MATERIA |
| Fuente del encabezamiento o término |
LEMB |
| Término de materia o nombre geográfico como elemento inicial |
Valentía en la literatura |
| 650 14 - • PUNTO DE ACCESO ADICIONAL DE MATERIA - TÉRMINO DE MATERIA |
| Fuente del encabezamiento o término |
LEMB |
| Término de materia o nombre geográfico como elemento inicial |
Familia en la literatura |
| 650 14 - • PUNTO DE ACCESO ADICIONAL DE MATERIA - TÉRMINO DE MATERIA |
| Fuente del encabezamiento o término |
LEMB |
| Término de materia o nombre geográfico como elemento inicial |
Escuelas en la literatura |
| 650 14 - • PUNTO DE ACCESO ADICIONAL DE MATERIA - TÉRMINO DE MATERIA |
| Fuente del encabezamiento o término |
LEMB |
| Término de materia o nombre geográfico como elemento inicial |
Valores en la literatura |
| 700 1# - • PUNTO DE ACCESO ADICIONAL - NOMBRE DE PERSONA |
| Nombre de persona |
Coll Vinent, Anna |
| Término indicativo de función |
traductor |
| 830 ## - • PUNTO DE ACCESO ADICIONAL DE SERIE - TÍTULO UNIFORME |
| Título uniforme |
Colección para la Primera Infancia del Ministerio de Cultura, Plan Nacional de Lectura y Escritura Leer es mi cuento, Primera Infancia 2013 |
| 942 ## - ENTRADA DE ELEMENTOS AGREGADOS (KOHA) |
| Fuente de clasificaión o esquema |
|
| Koha [por defecto] tipo de item |
Libro Infantil |